High availability and disaster recovery : concepts,design,implementation

Αποθηκεύτηκε σε:
Λεπτομέρειες βιβλιογραφικής εγγραφής
Κύριος συγγραφέας: Schmidt, Klaus 1961-
Μορφή: Βιβλίο
Γλώσσα:English
Δημοσίευση: Berlin ; London : Springer, c2006
Θέματα:
Ετικέτες: Προσθήκη ετικέτας
Δεν υπάρχουν, Καταχωρήστε ετικέτα πρώτοι!

MARC

LEADER 00000nam a2200000 i 4500
001 1/58177
008 071011s2006 eng d
020 |a 3-540-24460-3 
020 |a 978-3-540-24460-8 
035 |l 10091443 
040 |a GR-MY-UA  |b gre  |e aacr 
041 0 |a eng 
082 0 |a 005.86  |2 (22) 
100 1 |a Schmidt, Klaus  |d 1961- 
245 1 0 |a High availability and disaster recovery :  |b concepts,design,implementation /  |c Klaus Schmidt 
260 |a Berlin ; London :   |b Springer,   |c c2006 
300 |a xii, 410 σ.;  |b σχ.;  |c 24 εκ. 
500 |a Περιλαμβάνει 83 σχήματα και 26 πίνακες 
504 |a Βιβλιογραφία: σ. 399-400. Ευρετήριο 
650 0 0 |a Data recovery (Computer science) 
650 0 0 |a Electronic data processing  |x Backup processing alternatives. 
650 0 0 |a Redundancy (Engineering) 
852 |a INST  |b CHIOS  |e 20071011  |h 005.86 SCH  |p 005200028695  |q 005200028695  |t BK  |y 0 
901 |a BIBL2-2007-3 
909 |a Χ  |b 139582 
922 |a 2ΕΛΗ  |b 200709  |c ΕΠΕΑΕΚ2/ΤΜΟΔ  |d ΠΑΠΑΣΩΤΗΡΙΟΥ 
970 |a ΑΤΣΑΛΗ  |b ΔΕΣΠΟΙΝΑ  |z 2007/10/11